000 00593nam a2200217Ia 4500
003 OSt
005 20220926044737.0
006 a|||||r|||| 00| 0
007 ta
008 220923b |||||||| |||| 00| 0 eng d
037 _cGeneral Book
040 _aRTL
_cRTL
_beng
041 _2eng
_aeng
082 _aV58.N14<--M55, J2-;1
100 _aSeton-Watson Hugh
_996756
245 0 _aDecline of imperial Russia 1855-1914
260 _c1952
650 _aRussia History
_922158
942 _hV58.N14<--M55, J2-;1
_cGB
_2CC
999 _c675678
_d675678